[Event "Ayvalik Pirgos"]
[Site "Ayvalik"]
[Date "2022.01.27"]
[Round "6"]
[White "Yarar, Bora"]
[Black "Draskovic, Luka"]
[Result "0-1"]
[WhiteElo "2424"]
[BlackElo "2464"]
[PlyCount "96"]
[EventDate "2022.01.24"]
[EventType "schev"]
[EventRounds "9"]
[EventCountry "TUR"]
[SourceTitle "EXT 2023"]
[Source "ChessBase"]
[SourceDate "2022.10.05"]
[SourceVersion "1"]
[SourceVersionDate "2022.10.05"]
[SourceQuality "1"]
[WhiteTeam "Team 2"]
[BlackTeam "Team 3"]
[WhiteTeamCountry "TUR"]
[BlackTeamCountry "TUN"]

1. e4 d6 2. d4 Nf6 3. Bd3 e5 4. dxe5 dxe5 5. Nf3 Nbd7 6. 0-0 Be7 7. Nbd2 c6 8. b3 Nc5 9. Qe2 Nfd7 10. Bb2 Qc7 11. Nc4 Bf6 12. Ne3 g6 13. a4 Nxd3 14. Qxd3 Nc5 15. Qc4 b6 16. b4 Be6 17. Nd5 0-0-0 18. bxc5 cxd5 19. Qa6+ Qb7 20. Qxb7+ Kxb7 21. exd5 Rxd5 22. cxb6 axb6 23. Rfe1 Rc8 24. Rac1 Rdc5 25. Bxe5 Bxe5 26. Rxe5 Rxc2 27. Rce1 R8c5 28. h4 Rxe5 29. Nxe5 Ka6 30. Re4 Rc5 31. Kh2 Ka5 32. f4 Rc2 33. Rd4 Bb3 34. Rd6 Bxa4 35. Rf6 Rc7 36. h5 Bb3 37. h6 b5 38. Nc6+ Ka4 39. Nd4 Bc4 40. Ra6+ Kb4 41. Ra8 Kc3 42. Nf3 b4 43. Ng5 f5 44. Kg3 b3 45. Rb8 b2 46. Rxb2 Kxb2 47. Nf3 Bd5 48. Ne5 Rc2 0-1